00976cam a2200265 i 4500001002300000003000700023005001700030007000700047008004100054010001700095040003500112020001000147035001900157050002200176082001000198110002400208245015600232260003600388300004100424500002000465650001600485650001300501856009600514856010000610condimentcookboo00hjheCaSfIA20230525155311.0cr||||770422s1974 nyua 001 0 eng  a 76151970  aDLCcDLCdOCLCQdBTCTAdCaSfIA c$1.25 a(OCoLC)29673760 aTX819.A1bH3 1974 a641.52 aH.J. Heinz Company.14aThe condiment cookbook :h[electronic resource] bdelicious dishes with dash /c[compiled and edited by the home economists of the H.J. Heinz Company]. aNew York :bAvon Books,cc1974. a143 p. :bill. (some col.) ;c18 cm. aIncludes index. 0aCondiments. 0aCookery.41uhttp://www.archive.org/details/condimentcookboo00hjhezFree eBook from the Internet Archive42uhttp://www.openlibrary.org/books/OL4916922MzAdditional information and access via Open Library